000 00633nam a22002297a 4500
003 UA-OsUOA
001 80304
007 ta
008 20111205b un ||||| |||| 00| 0 ukr d
100 _aМалцужинський К.
090 _a94(100)
_bМ19
942 _cBK
040 _aUA-OsUOA
_brus
_cUA-OsUOA
_dUA-OsUOA
245 _aПреступники не хотят признать своей вины
300 _a377 с.
955 _a1
041 _arus
080 _a94(100)
260 _aМ.
_bПрогресс
_c1979
650 7 _a9 Географія. Біографії. Історія
_2UDC
999 _c366619
_d366619